000 00355nam a2200145Ia 4500
008 240624s9999 xx 000 0 und d
041 _aeng
082 _a519.5 SAL
100 _aSALKIND NEIL J
245 _aSTUDY GUIDE TO ACCOMPANY NEIL J SALKIND
250 _a(5th ed.)
260 _c2015
_aLondon
_bSage
300 _a185 : p. : cm. ; 27
365 _c
999 _c27660
_d27660